000 01118cam a22002894a 4500
001 12241730
005 20180223065942.0
008 001127s2001 paua bf 001|0 eng
010 _a 00053506
020 _a0781725259 (pbk.)
035 _a(DNLM)100972185
040 _aDNLM/DLC
_cDLC
_dDLC
041 _aeng
042 _apcc
060 1 0 _aWE 103
_bA5125g 1991 Suppl. 2001
080 _a615.82 ROI
082 0 0 _a615.82 ROI
_221
100 _a3
101 _aSHM
245 0 0 _aACSM's resource manual for Guidelines for exercise testing and prescription /
_cAmerican College of Sports Medicine ; senior editor, Jeffrey L. Roitman ; section editors, Matt Herridge ... [et al.].
246 3 0 _aResource manual for Guidelines for exercise testing and prescription
504 _aIncludes bibliographical references and index.
906 _a7
_bcbc
_corignew
_d1
_eocip
_f20
_gy-gencatlg
942 _2ddc
_cBK
999 _c43229
_d43229